| 000 | 00694 a2200229 4500 | ||
|---|---|---|---|
| 001 | 62631 | ||
| 005 | 20260407155919.0 | ||
| 008 | 260407a1985 arg spa d | ||
| 003 | AR-UNSa-BCEJYS | ||
| 040 |
_aAR-UNSa-BCEJYS _bspa _cAR-UNSa-BCEJYS |
||
| 080 |
_a351.71 _xBienes públicos. Obras públicas. Impuestos (Contratación pública) |
||
| 245 | 1 | 0 | _aRégimen de compras del estado |
| 020 | _a978-950-14-0250-6 | ||
| 264 | 1 |
_aBuenos Aires : _bEdiciones Depalma _c1985 |
|
| 300 |
_axxv, 549 p. _c23 cm. |
||
| 041 | _aspa | ||
| 942 | _cBK | ||
| 590 | _aniveau_biblio:m niveau_hierar:0 | ||
| 100 | 1 | _aCasella, José Víctor | |
| 700 | 1 | _aChojkier, Raquel | |
| 700 | 1 | _aDubinski, Alejandro | |
| 999 |
_c7731 _d7731 |
||